Municipios de la Rioja, España (con mapa) - Estadísticas

Estadísticas generales
  • Esta prueba ha sido intentada 623 veces
    572 desde el último reinicio
  • La puntuación promedio es 54 de 176
Respuestas en el mapa
Las respuestas están codificadas por una escala verde-roja en el mapa de la prueba según el % correcto abajo.
 
Estadísticas de respuestas
Respuesta % Correcto
Logroño
98%
Calahorra
90%
Haro
88%
Arnedo
83%
Alfaro
80%
Santo Domingo de la Calzada
77%
Ezcaray
73%
Lardero
69%
Nájera
69%
Navarrete
67%
Arnedillo
66%
Cenicero
64%
Villamediana de Iregua
60%
Fuenmayor
58%
San Millán de la Cogolla
56%
Autol
55%
Briones
54%
Albelda de Iregua
53%
Casalarreina
52%
Pradejón
51%
Cervera del Río Alhama
50%
Agoncillo
48%
Viniegra de Abajo
48%
San Vicente de la Sonsierra
47%
Viniegra de Arriba
47%
Baños de Río Tobía
46%
Alberite
44%
Berceo
44%
Quel
44%
Rincón de Soto
44%
Mancomunidad de Nalda, Sorzano y Viguera
43%
Murillo de Río Leza
43%
Torrecilla en Cameros
42%
Aldeanueva de Ebro
41%
Ausejo
41%
Nalda
40%
Ocón
39%
Anguiano
38%
Briñas
38%
Cuzcurrita de Río Tirón
38%
Enciso
37%
Ribafrecha
37%
Entrena
35%
Huércanos
35%
Alesanco
34%
Arrúbal
34%
Camprovín
34%
Igea
33%
Sajazarra
33%
Ábalos
32%
Alcanadre
32%
El villar de Arnedo
32%
Soto en Cameros
32%
Uruñuela
32%
El Redal
31%
Navajún
31%
Ortigosa de Cameros
31%
Tricio
31%
Viguera
31%
Aguilar del Río Alhama
30%
Herce
30%
San Asensio
30%
Tudelilla
30%
Arenzana de Abajo
29%
Clavijo
29%
Cornago
29%
Matute
29%
Nieva de Cameros
29%
Ollauri
29%
Sorzano
29%
Sotés
29%
Villarroya
29%
Villoslada de Cameros
29%
Arenzana de Arriba
28%
Hervías
28%
Hormilla
28%
Sojuela
28%
Corera
27%
Galilea
27%
Hormilleja
27%
Medrano
27%
San Román de Cameros
27%
Alesón
26%
Bañares
26%
Hornos de Moncalvillo
26%
Munilla
26%
Tirgo
26%
Anguciana
25%
Canales de la Sierra
25%
Castañares de Rioja
25%
Cihuri
25%
Cordovín
25%
Daroca de Rioja
25%
El Rasillo de Cameros
25%
Fonzaleche
25%
Grañón
25%
Herramélluri
25%
Laguna de Cameros
25%
Nestares
25%
Ojacastro
25%
Santurdejo
25%
Torre en Cameros
25%
Valgañón
25%
Ventosa
25%
Ventrosa
25%
Zarratón
25%
Almarza de Cameros
24%
Badarán
24%
Santurde de Rioja
24%
Azofra
23%
Baños de Rioja
23%
Brieva de Cameros
23%
Leza de Río Leza
23%
Préjano
23%
Bergasa
22%
Bobadilla
22%
Foncea
22%
Grávalos
22%
Leiva
22%
Pradillo
22%
Torremontalbo
22%
Gallinero de Cameros
21%
Gimileo
21%
Muro de Aguas
21%
Rodezno
21%
Tobía
21%
Villar de Torre
21%
Cárdenas
20%
Cirueña
20%
Mansilla de la Sierra
20%
Pazuengos
20%
Santa Eulalia Bajera
20%
Tormantos
20%
Villanueva de Cameros
20%
Zorraquín
20%
Castroviejo
19%
Hornillos de Cameros
19%
Lumbreras de Cameros
19%
Santa Coloma
19%
Villarta /Quintana
19%
San Millán de Yécora
18%
San Torcuato
18%
Torrecilla sobre Alesanco
18%
Treviana
18%
Cañas
17%
Muro en Cameros
17%
Ochánduri
17%
Pedroso
17%
Santa Engracia de Jubera
17%
Terroba
17%
Valdemadera
17%
Villaverde de Rioja
17%
Ajamil de Cameros
16%
Bergasillas Bajera
16%
Canillas de Río Tuerto
16%
Cellorigo
16%
Estollo
16%
Galbárruli
16%
Manjarrés
16%
Pinillos
16%
Villarejo
16%
Villavelayo
16%
Cabezón de Cameros
15%
Lagunilla de Jubera
15%
Rabanera
15%
Villalobar de Rioja
15%
Zarzosa
15%
Cidamón
14%
Corporales
14%
Ledesma de la Cogolla
14%
Manzanares de Rioja
14%
Villalba de Rioja
14%
Bezares
13%
Jalón de Cameros
13%
Robres de Castillo
12%
No se encontraron pruebas coincidentes
Distribución de puntuación
Porcentaje de gente con cada puntuación
Porcentaje por número respondido
Historial de tus puntuaciones
No has intentado esta prueba desde el último reinicio